000 00841cab a2200277 4500
001 WB3014-20
008 090401t1994 xxu||||| |||| 00| 0 eng d
035 _a(Sirsi) u24002
041 _aeng
245 _aListed building
260 _c1994
350 _a0
490 _aEstates Gazette Case Summaries
_v1994 EGCS 66 (9/4/94)
520 _a"Worsted Investments Ltd v SoS Environment and another", QBD 24 March 1994, concerned refusal of planning permission for new buildings in the grounds of a listed building.
650 _aDOE CIRCULAR 8/87
650 _aFINANCIAL VIABILITY
650 _aFUNDING
650 _aLISTED BUILDINGS
650 _aPLANNING PERMISSION
650 _aREFUSAL
650 _aRESTORATION
650 _aTHREMHALL PRIORY
690 _aCONSERVATION-CASE LAW
942 _n0
948 _c04/03/1997
999 _c16073
_d16073